000 01083nam0a22002411 4500
001 RU\NLR\INFOCOMM_165\5000005946
005 20260419063800.0
035 _a(NLR Aleph) 009205057
090 _a8713871
_c8713871
100 _a20100504d1954 |||y0rusy50 ca
101 1 _afre
_crus
102 _aRU
105 _ay ||||000|y
200 1 _aDiscours du deputé N. S. Khrouchtchev, premier secrétaire du Comité central du Parti communiste de l'Union soviétique, prononcé en séance du Soviet de l'Union du Soviet suprême de l'U.R.S.S. le 26 avril 1954
210 _a[Moscou]
_d1954
215 _aс. 12-19
300 _aВ кн.: Malenkov, G. M. Discours du député g. M. Malenkov, président du Conseil des minstres de l'U.R.S.S., prononcé en séance du Soviet des nationalités du Soviet suprême de l'U.R.S.S. le 26 avril 1954. [Moscou], 1954 с. 12-19
700 1 _4070
_7ba
_8rus
_aChruščev
_bN. S.
_f1894-1971
_gNikita Sergeevič
_3RU\NLR\AUTH\770229277
_9229221
801 1 _aRU
_bNLR
_c20100504
801 0 _aRU
_bNLR
_gPSBO
852 _aNLR
_jP43/128
942 _cBOOK
980 _aNB